Πρακτικές επιβίωσης αγροτικών νοικοκυριών : η περίπτωση του πρώην δήμου Γαστούνης : πτυχιακή εργασία

Αποθηκεύτηκε σε:
Λεπτομέρειες βιβλιογραφικής εγγραφής
Κύριος συγγραφέας: Κουλούρης, Αντώνης
Συγγραφή απο Οργανισμό/Αρχή: Πανεπιστήμιο Αιγαίου. Σχολή Κοινωνικών Επιστημών. Τμήμα Γεωγραφίας
Μορφή: Thesis Βιβλίο
Γλώσσα:Greek
Δημοσίευση: 2012.
Θέματα:
Διαθέσιμο Online:http://hdl.handle.net/11610/6155
Ετικέτες: Προσθήκη ετικέτας
Δεν υπάρχουν, Καταχωρήστε ετικέτα πρώτοι!

MARC

LEADER 00000cam a2200000 i 4500
001 1/67448
008 150219s2012 gr | ||| |||| ||gre||
035 |l 10121167 
040 |a GR-MyUa  |b gre  |e AACR2 
041 0 |a gre 
082 7 |a 338.1   |2 (22) 
100 1 |a Κουλούρης, Αντώνης. 
245 1 0 |a Πρακτικές επιβίωσης αγροτικών νοικοκυριών :   |b η περίπτωση του πρώην δήμου Γαστούνης : πτυχιακή εργασία /   |c επιμέλεια: Κουλούρης Αντώνης ; [επιβλέπων: Κίζος Αθανάσιος]. 
260 |c 2012. 
300 |a 74 σ. :   |b εικ. ;   |c 30 εκ. 
502 |a Πτυχιακή εργασία – Πανεπιστήμιο Αιγαίου, Λέσβος, 2012. 
504 |a Βιβλιογραφία: σ. 67-69. 
650 0 |a Farmers  |z Greece  |z Gastouni. 
650 0 |a Agriculture  |z Greece  |z Gastouni. 
650 0 |a Farmers  |x Attitudes. 
650 0 |a Agriculture  |x Economic aspects  |z Greece  |z Gastouni. 
650 0 |a Dissertations, Academic  |z Greece. 
700 1 |a Κίζος, Αθανάσιος,  |e dgs 
710 2 |a Πανεπιστήμιο Αιγαίου.   |b Σχολή Κοινωνικών Επιστημών.   |b Τμήμα Γεωγραφίας. 
852 |a INST  |b LESVOS  |c DIATR  |e 20150219  |h 855  |p 005100056002  |q 005100056002  |t DIE  |y 23 
852 |a INST  |b LESVOS  |c DIATR  |e 20150219  |h 856  |p 005100056001  |q 005100056001  |t DIE  |y 23 
856 |u http://hdl.handle.net/11610/6155 
901 |a BIBL1-2015-1 
924 |a Κουλούρης  |b Αντώνης  |y Λέσβος  |z 2014-11 
970 |a ΤΖΑΦΕΡΗ  |b ΕΥΑΓΓΕΛΙΑ  |z 2015/02/19